Tareekh dawat o azeemiat / (Record no. 525794)
[ view plain ]
| 000 -LEADER | |
|---|---|
| fixed length control field | 00526nam a22001697a 4500 |
| 003 - CONTROL NUMBER IDENTIFIER | |
| control field | NUST |
| 020 ## - INTERNATIONAL STANDARD BOOK NUMBER | |
| Qualifying information | (Hbk) |
| 038 ## - RECORD CONTENT LICENSOR | |
| Staff Name | M. Shaban |
| 082 ## - DEWEY DECIMAL CLASSIFICATION NUMBER | |
| Classification number | 297.092 |
| Author Mark | NAD |
| 100 ## - MAIN ENTRY--PERSONAL NAME | |
| Personal name | Nadvi, Molana Syed Abu Al Hassan Ali |
| 9 (RLIN) | 16736 |
| 245 ## - TITLE STATEMENT | |
| Title | Tareekh dawat o azeemiat / |
| Statement of responsibility, etc. | Molana Syed Abu Al Hassan Ali Nadvi |
| 260 ## - PUBLICATION, DISTRIBUTION, ETC. | |
| Place of publication, distribution, etc. | Karachi : |
| Name of publisher, distributor, etc. | Fazal Rabi Nadvi, |
| Date of publication, distribution, etc. | 1984. |
| 300 ## - PHYSICAL DESCRIPTION | |
| Extent | 448 p. ; |
| 880 ## - ALTERNATE GRAPHIC REPRESENTATION | |
| Linkage | 100-01\r |
| Title | مولانا سیدابوالحسن علی |
| 880 ## - ALTERNATE GRAPHIC REPRESENTATION | |
| Linkage | 245-02\r |
| Title | تاریخ دعوت و عزیمیت / |
| 942 ## - ADDED ENTRY ELEMENTS (KOHA) | |
| Source of classification or shelving scheme | |
| Koha item type | Book |
| Withdrawn status | Lost status | Source of classification or shelving scheme | Damaged status | Not for loan | Permanent Location | Current Location | Shelving location | Date acquired | Total Checkouts | Full call number | Barcode | Date last seen | Date last checked out | Price effective from | Koha item type |
|---|---|---|---|---|---|---|---|---|---|---|---|---|---|---|---|
| Central Library (CL) | Central Library (CL) | First Floor - Islam | 07/04/2019 | 1 | 297.092 NAD | CL-E-459 | 08/11/2022 | 08/05/2022 | 07/04/2019 | Book |
